| 000 | 00842nam a22001937a 4500 | ||
|---|---|---|---|
| 005 | 20250102114056.0 | ||
| 010 | _aHIN-129086 | ||
| 020 |
_a9788195916474 _c500.00 |
||
| 035 | _aHN-101432 | ||
| 037 | _bDBAD | ||
| 082 | _a822 | ||
| 100 |
_aवर्मा, हरिशरण _975680 |
||
| 245 |
_aनया सवेरा: _bनाटक संग्रह/ _cहरिशरण वर्मा |
||
| 260 |
_aजगतपुरी एक्सटेंशन _bएस.पी.कौशिक _c2023 |
||
| 270 |
_aए-49, भू-तल,गली नं. 6, जगतपुरी एक्दिसटेंशन _bदिल्ली _e110093 _k0-8851515756 _mspkaushikenterprises@gmail.com |
||
| 300 |
_a160 पृ. _c23 सेमी (सजिल्द) |
||
| 700 | _975670 | ||
| 942 |
_2ddc _cHN _h822 _mवर्माह |
||
| 999 |
_c207967 _d207967 |
||